Horario Bachiller - Estadísticas

Estadísticas generales
  • Esta prueba ha sido intentada 38 veces
  • La puntuación promedio es 6 de 30
Estadísticas de respuestas
Respuesta % Correcto
Mates
100%
Lengua
89%
Inglés
33%
Mates
30%
Mates
30%
Inglés
26%
Mates
26%
Inglés
22%
Lengua
22%
FyQ
19%
FyQ
19%
Lengua
19%
Tecno
19%
Filosofía
15%
FyQ
15%
Inglés
15%
Dibujo
11%
Dibujo
11%
EF
11%
EF
11%
Filosofía
11%
Filosofía
11%
FyQ
11%
Tecno
11%
Dibujo
7%
Tecno
7%
Tecno
7%
Dibujo
4%
Sociedad
0%
Tutoría
0%
No se encontraron pruebas coincidentes
Distribución de puntuación
Porcentaje de gente con cada puntuación
Porcentaje por número respondido
Historial de tus puntuaciones
No has intentado esta prueba.